Former Flags of the Balkans - Statistics

General Stats
  • This quiz has been taken 957 times
  • The average score is 10 of 12
Answer Stats
Picture Answer % Correct
Bulgaria
93%
North Macedonia
93%
Serbia
93%
Albania
92%
Turkey
92%
Croatia
91%
Romania
90%
Greece
80%
Bosnia and Herzegovina
79%
Montenegro
77%
Kosovo
74%
Slovenia
70%
No matching quizzes found
Score Distribution
Percent of People with Each Score
Percentile by Number Answered
Your Score History
You have not taken this quiz